Datum a čas kvízu
36.5
Celkem bodů
Celkový počet nahraných bodů na tomto kvízu bez doplňovacích otázek.
3.
Pořadí na kvízu
Konečné umístění týmu na tomto kvízu.
Zaznamenané odpovědi
| # | Otázka | Odpověď | Body | Výsledky |
|---|---|---|---|---|
| 1. | Který český ministr v poslední... | Vít Rakušan | 1 | |
| 2. | K bezprecedentnímu kroku se od... | už nenabízí alkohol | 0 | |
| 3. | Která poměrně mladá zpěvačka z... | Billie Eilish | 0 | |
| 4. | V pondělí byl slavnostně otevř... | v Otrokovicích | 1 | |
| 5. | Jak se jmenuje 38letý český cy... | Zdeněk Štybar | 1 | |
| 6. | Ve třetím díle cestovatelského... | z Janských Lázní | 1 | |
| 7. | Stále větší oblibě cestovatelů... | portugalština | 1 | |
| 8. | Ve kterém americkém městě může... | v Los Angeles | 1 | |
| 9. | S písmenem M se vracíme do Čes... | v Moravském Krumlově | 1 | |
| 10. | Ve kterém století byl vybudová... | v 19. století | 1 |